[Event "GER-ch U12"]
[Site "Willingen"]
[Date "2003.06.12"]
[Round "9"]
[White "Kim, Oi Sin"]
[Black "Kazhibadze, Georg"]
[Result "0-1"]
[WhiteElo "1588"]
[BlackElo "1681"]
[PlyCount "82"]
[EventDate "2003.06.08"]
[EventType "swiss"]
[EventRounds "11"]
[EventCountry "GER"]
[SourceTitle "CBM 094 Extra"]
[Source "ChessBase"]
[SourceDate "2003.07.09"]
[SourceVersion "2"]
[SourceVersionDate "2003.07.09"]
[SourceQuality "1"]

1. e4 c5 2. Nf3 Nc6 3. d4 cxd4 4. Nxd4 Nf6 5. Nc3 d6 6. f3 e5 7. Nb3 Be6 8. Be3 Be7 9. Qd2 0-0 10. g4 a5 11. a4 Nb4 12. g5 Ne8 13. 0-0-0 Rc8 14. h4 Qc7 15. h5 Bxb3 16. cxb3 Na2+ 17. Kc2 d5 18. exd5 Nd6 19. Ra1 Nb4+ 20. Kb1 Nf5 21. Bc4 Qd7 22. g6 Nxe3 23. Qxe3 Qf5+ 24. Qe4 Qg5 25. Nb5 Qg2 26. Rd1 f5 27. Qe2 Qxe2 28. Bxe2 Rc2 29. Bc4 Bf6 30. d6+ Kh8 31. Nc3 e4 32. fxe4 fxe4 33. d7 e3 34. Bf7 Rd8 35. Be6 e2 36. Re1 Bg5 37. Ra3 Bd2 38. Ne4 Bxe1 39. Nd6 Bh4 40. Nf7+ Kg8 41. Nxd8+ Kf8 0-1

[Event "GER-ch U12"]
[Site "Willingen"]
[Date "2003.06.10"]
[Round "6"]
[White "Kazhibadze, Georg"]
[Black "Geske, Julian"]
[Result "0-1"]
[WhiteElo "1681"]
[BlackElo "1733"]
[PlyCount "100"]
[EventDate "2003.06.08"]
[EventType "swiss"]
[EventRounds "11"]
[EventCountry "GER"]
[SourceTitle "CBM 094 Extra"]
[Source "ChessBase"]
[SourceDate "2003.07.09"]
[SourceVersion "2"]
[SourceVersionDate "2003.07.09"]
[SourceQuality "1"]

1. e4 e5 2. Nf3 Nc6 3. Bb5 a6 4. Ba4 Nf6 5. 0-0 Nxe4 6. Bxc6 dxc6 7. Re1 Nc5 8. d4 Ne6 9. dxe5 Be7 10. Qxd8+ Nxd8 11. Bg5 Bc5 12. Bxd8 Kxd8 13. Nbd2 Re8 14. Rad1 Ke7 15. Nb3 Bb6 16. h3 Kf8 17. Nfd2 Bf5 18. c3 Rad8 19. Nc4 Ba7 20. Rxd8 Rxd8 21. Nca5 Bc2 22. Nxb7 Rd5 23. N7a5 Bb6 24. Nxc6 Bxb3 25. axb3 Rd2 26. Rf1 Rxb2 27. Rd1 g6 28. Rd8+ Kg7 29. g4 Rxf2 30. Nd4 Re2 31. e6 Rxe6 32. Kg2 Rd6 33. Rxd6 cxd6 34. Nc6 Kf6 35. Nb4 Ba5 36. Nd5+ Ke5 37. c4 Kd4 38. Kf3 Bd2 39. Ke2 Ba5 40. Kf3 Kd3 41. Kg3 Bd2 42. Kf3 a5 43. Nf6 Bb4 44. Nxh7 Kc3 45. Ng5 Kxb3 46. Ne4 a4 47. Nf2 a3 48. Nd3 Bd2 49. Ke2 Kc2 50. c5 dxc5 0-1

[Event "GER-ch U12"]
[Site "Willingen"]
[Date "2003.06.09"]
[Round "4"]
[White "Huschenbeth, Niclas"]
[Black "Kazhibadze, Georg"]
[Result "0-1"]
[WhiteElo "1808"]
[BlackElo "1681"]
[PlyCount "86"]
[EventDate "2003.06.08"]
[EventType "swiss"]
[EventRounds "11"]
[EventCountry "GER"]
[SourceTitle "CBM 094 Extra"]
[Source "ChessBase"]
[SourceDate "2003.07.09"]
[SourceVersion "2"]
[SourceVersionDate "2003.07.09"]
[SourceQuality "1"]

1. e4 c5 2. d4 cxd4 3. c3 dxc3 4. Nxc3 Nc6 5. Nf3 e6 6. Bc4 Qc7 7. Qe2 Nf6 8. e5 Ng4 9. Bf4 a6 10. h3 Nh6 11. Bxh6 gxh6 12. 0-0 b5 13. Bb3 Bb7 14. Rac1 Qb6 15. Rfd1 Be7 16. Qd3 Rd8 17. Ne4 Nb4 18. Qe2 Rg8 19. Nd6+ Bxd6 20. exd6 Nc6 21. g4 h5 22. g5 h6 23. h4 hxg5 24. Nxg5 Nd4 25. Qxh5 Nf3+ 26. Kf1 Nxg5 27. hxg5 b4 28. Ba4 Qa5 29. f4 Qxa4 30. Qh7 Rf8 31. Rd2 Qb5+ 32. Re2 Bf3 33. Rce1 Rc8 34. g6 Bxe2+ 35. Rxe2 Rc1+ 36. Kf2 Qc5+ 37. Kg3 Rg1+ 38. Kf3 Rxg6 39. Qh2 Qd5+ 40. Ke3 Qxd6 41. Rc2 Qb6+ 42. Ke2 Qb7 43. Ke3 Rfg8 0-1

[Event "GER-ch U12"]
[Site "Willingen"]
[Date "2003.06.08"]
[Round "2"]
[White "Kazhibadze, Georg"]
[Black "Jannes, Alexander"]
[Result "1-0"]
[WhiteElo "1681"]
[BlackElo "1515"]
[PlyCount "149"]
[EventDate "2003.06.08"]
[EventType "swiss"]
[EventRounds "11"]
[EventCountry "GER"]
[SourceTitle "CBM 094 Extra"]
[Source "ChessBase"]
[SourceDate "2003.07.09"]
[SourceVersion "2"]
[SourceVersionDate "2003.07.09"]
[SourceQuality "1"]

1. e4 c6 2. d4 d5 3. Nc3 dxe4 4. Nxe4 Nd7 5. c3 Ngf6 6. Ng3 e6 7. Nf3 Be7 8. Bd3 c5 9. 0-0 b6 10. Be3 Bb7 11. dxc5 Bxc5 12. Bxc5 Nxc5 13. Bb5+ Nfd7 14. Ne5 Ba6 15. Bxd7+ Nxd7 16. Re1 Nxe5 17. Rxe5 Qxd1+ 18. Rxd1 Ke7 19. Re4 Rad8 20. Red4 Rxd4 21. Rxd4 Rd8 22. Rxd8 Kxd8 23. Nh5 g6 24. Nf6 Ke7 25. Ne4 Bd3 26. Nd2 h6 27. f3 Kd6 28. Kf2 f5 29. Ke3 Bb5 30. f4 e5 31. fxe5+ Kxe5 32. Nf3+ Kf6 33. Nd4 Bd7 34. Nc2 g5 35. Nb4 a5 36. Nd5+ Ke5 37. Nxb6 f4+ 38. Kf2 Bb5 39. a4 Bc6 40. Nc4+ Kd5 41. b3 Ke4 42. Nxa5 Be8 43. Ke2 g4 44. c4 Bh5 45. Kf2 Kd4 46. b4 Bf7 47. b5 Kc5 48. Nb7+ Kb6 49. Nd6 Be6 50. Kg1 Ka5 51. c5 Kxa4 52. b6 Bd5 53. b7 Bxb7 54. Nxb7 Kb5 55. Nd6+ Kxc5 56. Nf5 f3 57. g3 h5 58. Ng7 Kd4 59. Nxh5 Ke3 60. Kf1 f2 61. Nf6 Kf3 62. Nxg4 Kxg4 63. Kxf2 Kh3 64. Ke3 Kg4 65. h4 Kh5 66. Kf4 Kh6 67. g4 Kg6 68. h5+ Kh7 69. g5 Kg7 70. Kf5 Kf7 71. h6 Kg8 72. g6 Kf8 73. Kf6 Kg8 74. g7 Kh7 75. Kf7 1-0

[Event "GER-chT U12"]
[Site "Verden an der Aller"]
[Date "2002.12.30"]
[Round "7.1"]
[White "Teren, Tomas"]
[Black "Kazhibadze, Georg"]
[Result "1-0"]
[WhiteElo "1534"]
[BlackElo "1544"]
[PlyCount "120"]
[EventDate "2002.12.27"]
[EventType "team"]
[EventRounds "7"]
[EventCountry "GER"]
[SourceTitle "CBM 092 Extra"]
[Source "ChessBase"]
[SourceDate "2003.03.07"]
[SourceVersion "1"]
[SourceVersionDate "2003.03.07"]
[SourceQuality "1"]

1. f4 d5 2. e3 e6 3. b3 c6 4. Nf3 f5 5. Bb2 Nf6 6. Be2 Bd6 7. 0-0 0-0 8. Qe1 Qe8 9. Qg3 Nbd7 10. Ne5 Bxe5 11. fxe5 Ne4 12. Qh4 g5 13. Qh6 Qg6 14. Qxg6+ hxg6 15. d3 Nec5 16. Nd2 b6 17. d4 Nb7 18. Rf2 g4 19. Raf1 c5 20. h3 gxh3 21. gxh3 cxd4 22. exd4 Na5 23. Rg2 Kh7 24. Rf3 Rf7 25. Rfg3 Nf8 26. Nf3 f4 27. Ng5+ Kg7 28. Nxf7 fxg3 29. Ng5 Bd7 30. Rxg3 Nh7 31. Nxh7 Kxh7 32. Rf3 Kg7 33. Ba3 Rc8 34. c3 Nb7 35. Be7 Be8 36. h4 Rc7 37. Bf6+ Kg8 38. Rg3 Kh7 39. Bd1 b5 40. b4 a5 41. a3 a4 42. Bc2 Kh6 43. Bg5+ Kg7 44. h5 Kf8 45. hxg6 Rg7 46. Bh6 Nd8 47. Bxg7+ Kxg7 48. Kh2 Nc6 49. Kh3 Ne7 50. Kg4 Kf8 51. Kg5 Ng8 52. Rh3 Kg7 53. Rh7+ Kf8 54. g7+ Ke7 55. Bg6 Bf7 56. Rh8 Ke8 57. Bxf7+ Kxf7 58. Rxg8 Kxg8 59. Kf6 Kh7 60. Kf7 Kh6 1-0

[Event "GER-chT U12"]
[Site "Verden an der Aller"]
[Date "2002.12.29"]
[Round "5.1"]
[White "Schulz, Michael3333"]
[Black "Kazhibadze, Georg"]
[Result "1/2-1/2"]
[WhiteElo "1462"]
[BlackElo "1544"]
[PlyCount "84"]
[EventDate "2002.12.27"]
[EventType "team"]
[EventRounds "7"]
[EventCountry "GER"]
[SourceTitle "CBM 092 Extra"]
[Source "ChessBase"]
[SourceDate "2003.03.07"]
[SourceVersion "1"]
[SourceVersionDate "2003.03.07"]
[SourceQuality "1"]

1. e4 c5 2. Nf3 Nc6 3. d4 cxd4 4. Nxd4 Nf6 5. Nc3 d6 6. f3 e5 7. Nb3 Be6 8. Bg5 Be7 9. Be2 a5 10. a4 Nb4 11. Bb5+ Nc6 12. Qd2 Bxb3 13. cxb3 0-0 14. Bxf6 Bxf6 15. Nd5 Nd4 16. Bc4 Bh4+ 17. Kf1 Kh8 18. g3 Be7 19. Kg2 f5 20. Rhf1 fxe4 21. fxe4 Bf6 22. Rac1 Rc8 23. Qd3 Bg5 24. Rxf8+ Qxf8 25. Rf1 Qe8 26. Nb6 Rc7 27. Bb5 Nxb5 28. Qxb5 Rc2+ 29. Kh1 Qd8 30. Nd7 Rc1 31. Rxc1 Bxc1 32. Qxb7 Bxb2 33. Qb8 Qxb8 34. Nxb8 Kg8 35. Nc6 Bc3 36. Ne7+ Kf7 37. Nd5 Bd2 38. Kg2 Ke6 39. Kf3 Kd7 40. Ke2 Bg5 41. Nb6+ Kc6 42. Nc4 Bd8 1/2-1/2

[Event "GER-chT U12"]
[Site "Verden an der Aller"]
[Date "2002.12.27"]
[Round "1.1"]
[White "Winkelmann, Elena"]
[Black "Kazhibadze, Georg"]
[Result "1-0"]
[WhiteElo "1673"]
[BlackElo "1544"]
[PlyCount "159"]
[EventDate "2002.12.27"]
[EventType "team"]
[EventRounds "7"]
[EventCountry "GER"]
[SourceTitle "CBM 092 Extra"]
[Source "ChessBase"]
[SourceDate "2003.03.07"]
[SourceVersion "1"]
[SourceVersionDate "2003.03.07"]
[SourceQuality "1"]

1. f4 d5 2. e3 e6 3. b3 f5 4. Nf3 Nf6 5. Bb2 Be7 6. Be2 0-0 7. 0-0 Nbd7 8. Nc3 b6 9. Qe1 Qe8 10. Nd4 Bd8 11. Nc6 Bb7 12. Nd4 c5 13. Nf3 Qg6 14. Bb5 a6 15. Bxd7 Nxd7 16. Ne2 b5 17. Ng3 h5 18. Ne2 Be7 19. Nh4 Qg4 20. Nf3 Qg6 21. Rd1 Rab8 22. d3 Ba8 23. Qf2 Rfc8 24. Qe1 Bd8 25. Ne5 Nxe5 26. Bxe5 d4 27. Qg3 Qxg3 28. Nxg3 g6 29. Bxb8 Rxb8 30. exd4 cxd4 31. Rfe1 Bd5 32. Ne2 Rc8 33. Rd2 Ba5 34. Red1 Kf7 35. Kf1 Kf6 36. Nxd4 Bxd2 37. Rxd2 g5 38. fxg5+ Kxg5 39. c4 bxc4 40. dxc4 e5 41. cxd5 exd4 42. Rxd4 Kf6 43. Ke2 Ke5 44. Rd2 Rd8 45. Ke3 Rd6 46. b4 f4+ 47. Kf3 Kf5 48. a3 Ke5 49. a4 Kf5 50. b5 axb5 51. axb5 Ke5 52. Rd3 h4 53. b6 Rxb6 54. d6 Rb8 55. d7 Rd8 56. Kg4 Ke4 57. Rd1 h3 58. Re1+ Kd5 59. Kxh3 Kc6 60. Rd1 Kc7 61. Kg4 Rg8+ 62. Kf3 Kd8 63. Rd2 Rh8 64. h3 Rf8 65. Rd4 Rf7 66. Rd2 Rf8 67. Kg4 f3 68. gxf3 Rg8+ 69. Kf4 Rf8+ 70. Kg3 Rg8+ 71. Kf2 Rh8 72. Kg2 Rg8+ 73. Kh2 Rf8 74. Rd3 Rh8 75. f4 Rf8 76. Kg3 Rg8+ 77. Kh4 Rf8 78. Kg5 Rg8+ 79. Kf6 Rf8+ 80. Ke5 1-0